000 00832nam a2200241Ia 4500
003 OSt
005 20220923223354.0
006 a|||||r|||| 00| 0
007 ta
008 220922b |||||||| |||| 00| 0 hin d
024 _a214,263
037 _cTextual
040 _aARTS
_cARTS
_bhin
041 _2hin
_ahin
082 _aY5927, 152N9
100 _aसुमनाक्षर, सोहनपाल
245 0 _aविश्व धरातल पर दलित साहित्य
246 _aVishva dharātal par dalit sāhitya
260 _aदिल्ली
_b भारतीय दलित साहित्य अकादमी
_c1999
300 _a96 पृ.
_ccm.
942 _hY5927, 152N9
_cTEXL
_2CC
999 _c364255
_d364255